000 00576nam a2200181Ia 4500
001 16441
005 20260306170309.0
008 260306t2023||||xx |||||||||||||| ||und||
041 _aESP
082 _a348.6
_bC89
100 _aCriollo Rodríguez, Jonathan Fabián,
_eAUT
245 0 _aBeneficios laborales según el régimen laboral de las empresas :
_btratamiento y casos prácticos ; Formas de contratación en los regímenes laborales especiales
260 _c2023
300 _a56 páginas :
_c24 cm.
650 _aGEN
654 _aCDE
942 _cLIB
_dJUS
_fJUS
_2ddc
_n
999 _c16441
_d16441